000 00431pab a2200169 454500
008 180718b2008 xxu||||| |||| 00| 0 eng d
100 _aBose, Deb Kumar
245 _aProspects of solar power in India under global warming
260 _c2008
300 _ap.14-17.
362 _a22 Nov
650 _aSolar energy - India
650 _aSolar energy
773 _aEconomic and Political Weekly
908 _aN
909 _a80303
999 _c80303
_d80303